ბათუმის შოთა რუსთაველის სახელმწიფო უნივერსიტეტის ბიბლიოთეკა

ყირიმის მთებში : (ბიბ.ჩანაწერი № 40268)

000 -ლიდერი
ფიქსირებული სიგრძის საკონტროლო ველი 01181nam a2200229Ia 4500
001 - საკონტროლო ნომერი
საკონტროლო ველი 6876
003 - საკონტროლო ნომრის იდენტიფიკატორი
საკონტროლო ველი GE_BSU
005 - ბოლო ოპერაციის თარიღი და დრო
საკონტროლო ველი 20200204151027.0
008 - ფიქსირებული სიგრძის მონაცემთა ელემენტები - ზოგადი ინფორმაცია
ფიქსირებული სიგრძის საკონტროლო ველი 181216s1964||||ge |||||||||||||| ||geo||
040 ## - კატალოგიზაციის წყარო
Transcribing agency GE_BSU
080 ## - უნივერსალური ათობითი კლასიფიკაციის ინდექსი
Universal Decimal Classification number 821.353.1-94+355.486
100 ## - მთავარი ჩანაწერი - პიროვნების სახელი
Personal name გოძიაშვილი, ლადო.
9 (RLIN) 6788
245 ## - ცნობა სათაურის შესახებ
Title ყირიმის მთებში :
Remainder of title პარტიზანთა დღიურები /
Statement of responsibility, etc ლადო გოძიაშვილი ; რედ. ბ. მირცხულავა ; ლიტერატურულად დაამუშავა აკაკი გეწაძემ.
264 ## - წარმოების, გამოცემის, დისტრიბუციის და სხვა ცნობები
გამოცემის, წარმოების, დისტრიბუციის... ადგილი თბილისი :
გამოცემის, წარმოების, დისტრიბუციის... სახელწოდება საბჭ.საქართველო,
გამოცემის, წარმოების, დისტრიბუციის... თარიღი 1964.
300 ## - ფიზიკური აღწერა
Extent 233 გვ. ;
Dimensions 20 სმ.
653 ## - INDEX TERM--UNCONTROLLED
Uncontrolled term ყირიმის მთებში
653 ## - INDEX TERM--UNCONTROLLED
Uncontrolled term პარტიზანთა დღიურები
653 ## - INDEX TERM--UNCONTROLLED
Uncontrolled term ქართველი პარტიზანები დიდ სამამულო ომში
653 ## - INDEX TERM--UNCONTROLLED
Uncontrolled term ყირიმის ბრძოლა
700 ## - ADDED ENTRY--PERSONAL NAME
Personal name მირცხულავა, ბ.
Relator term რედაქტორი
9 (RLIN) 6789
942 ## - ADDED ENTRY ELEMENTS (KOHA)
Koha item type წიგნი
Source of classification or shelving scheme
ეგზემპლარები
ჩამოწერის სტატუსი დაკარგული ეგზემპლარის სტატუსი კლასიფიკაციის წყარო ან თაროზე გაწყობის სქემა დაზიანების სტატუსი არ გაიცემა მუდმივი მდებარეობა (დაცვის ადგილი) ამჟამინდელი ადგილსამყოფელი თაროზე განთავსების ადგილი შეძენის თარიღი ღირებულება, შესყიდვის ნორმალური ფასი სრული შენახვის შიფრი შტრიხკოდი ბოლო ოპერაციის თარიღი ეგზემპლარის მიმდევრობითი ნომერი (კეტერი?) ფასის ძალაში შესვლის თარიღი ეგზემპლარის სახეობა საჯარო შენიშვნა
          ბათუმის შოთა რუსთაველის სახელმწიფო უნივერსიტეტის მთავარი ბიბლიოთეკა ბათუმის შოთა რუსთაველის სახელმწიფო უნივერსიტეტის მთავარი ბიბლიოთეკა წიგნსაცავი 2018-12-17 1.10 821.353.1-94+355.486 14826 2018-12-17 14826 2018-12-17 წიგნი 1.10 ლ.
          ბათუმის შოთა რუსთაველის სახელმწიფო უნივერსიტეტის მთავარი ბიბლიოთეკა ბათუმის შოთა რუსთაველის სახელმწიფო უნივერსიტეტის მთავარი ბიბლიოთეკა წიგნსაცავი 2018-12-17 1.10 821.353.1-94+355.486 14827 2018-12-17 14827 2018-12-17 წიგნი 1.10 ლ.